00492nam a2200193 a 4500001001300000003000900013005001700022008004100039020001000080082001600090100002200106245002800128260004800156300000900204500003500213505001200248650001600260700002200276nice12345678IN_TiNIC20260116011358.0050524s1960 dela grp 000 0 urd  ac1.700a297.7bISL1 aIslahi, Sadruddin aFareeza-E-Aqaamt-E-Deen aDelhibMarkazi Maktaba Jamat-E-Islamic1960 a168p aincludes index and biblioraphy2 aIndexes aDawah-Islam1 aIslahi, Sadruddin